[Event "Araraquara op 2nd"]
[Site "Araraquara"]
[Date "2024.02.11"]
[Round "4"]
[White "Vogado, Hugo Leonardo Falca"]
[Black "De Carvalho, Guilherme Michel Li"]
[Result "1-0"]
[WhiteElo "1565"]
[BlackElo "1800"]
[PlyCount "47"]
[EventDate "2024.02.10"]
[EventType "swiss"]
[EventRounds "7"]
[EventCountry "BRA"]
[SourceTitle "CB09_2024"]
[SourceDate "2024.02.28"]
[SourceVersion "1"]
[SourceVersionDate "2024.02.28"]
[SourceQuality "1"]

1. d4 d5 2. c4 e6 3. Nf3 Nf6 4. Nc3 Nc6 5. Bg5 Be7 6. e3 0-0 7. Bd3 h6 8. Bh4 b6 9. 0-0 Bb7 10. Rc1 Qd6 11. Nb5 Qd7 12. Bg3 Bd6 13. Ne5 a6 14. Nxd7 Rfd8 15. Nxf6+ gxf6 16. Nxd6 cxd6 17. cxd5 exd5 18. Qg4+ Kf8 19. Bh4 Ke7 20. Qg7 Rg8 21. Qxf6+ Ke8 22. Rxc6 Kf8 23. Qe7+ Kg7 24. Bf6# 1-0

[Event "Araraquara op"]
[Site "Araraquara"]
[Date "2023.02.20"]
[Round "4.30"]
[White "De Oliveira, Jairo Quintiliano"]
[Black "Vogado, Hugo Leonardo Falca"]
[Result "1-0"]
[WhiteElo "1753"]
[BlackElo "1800"]
[PlyCount "103"]
[EventDate "2023.02.19"]
[EventType "swiss"]
[EventRounds "6"]
[EventCountry "BRA"]
[SourceTitle "CBM 213 Extra"]
[Source "ChessBase"]
[SourceDate "2023.05.31"]
[SourceVersion "1"]
[SourceVersionDate "2023.05.31"]
[SourceQuality "1"]

1. e4 e5 2. Nf3 Nc6 3. Bb5 d6 4. d4 exd4 5. Nxd4 Bd7 6. Bxc6 bxc6 7. 0-0 Nf6 8. Re1 Be7 9. c4 c5 10. Nf5 Bxf5 11. exf5 0-0 12. Nc3 Qd7 13. Qf3 Rfe8 14. Bg5 c6 15. Rad1 h6 16. Bh4 Rad8 17. h3 Kf8 18. b3 Nh7 19. Bxe7+ Rxe7 20. Rxe7 Kxe7 21. Ne4 Ng5 22. f6+ Kf8 23. fxg7+ Kg8 24. Nxg5 hxg5 25. Qf6 d5 26. Qxg5 Qd6 27. Qh4 Kxg7 28. Qg3+ Qxg3 29. fxg3 a5 30. cxd5 cxd5 31. Kf2 Kf6 32. Rc1 Rc8 33. Ke3 Ke5 34. Kd3 Kd6 35. Rf1 Ke6 36. Rf4 f5 37. g4 fxg4 38. Rxg4 Rf8 39. Ke2 Ra8 40. h4 d4 41. Rg5 Kd6 42. Kd3 Rf8 43. h5 Re8 44. h6 Re3+ 45. Kd2 Re8 46. h7 Rh8 47. Rh5 Ke6 48. Kd3 Kf6 49. g4 Kg7 50. Rxc5 Rd8 51. Rxa5 Kxh7 52. Ra4 1-0